Essays on the sociology of culture / (Record no. 34321)
[ view plain ]
| 000 -LEADER | |
|---|---|
| fixed length control field | 00893cam a2200265 a 4500 |
| 001 - CONTROL NUMBER | |
| control field | 34321 |
| 003 - CONTROL NUMBER IDENTIFIER | |
| rucl marc code | BD-RjUL |
| 005 - DATE AND TIME OF LATEST TRANSACTION | |
| control field | 20211209052136.0 |
| 008 - FIXED-LENGTH DATA ELEMENTS--GENERAL INFORMATION | |
| fixed length control field | 140515s 1956enk 001 0 eng d |
| 035 ## - SYSTEM CONTROL NUMBER | |
| System control number | (BD-RjUL)34415 |
| 040 ## - CATALOGING SOURCE | |
| Original cataloging agency | BD-RjUL |
| Language of cataloging | eng |
| Transcribing agency | BD-RjUL |
| Modifying agency | BD-RjUL |
| 041 ## - LANGUAGE CODE | |
| Language code of text/sound track or separate title | eng |
| 082 ## - DEWEY DECIMAL CLASSIFICATION NUMBER | |
| Classification number | 301.2 |
| Author mark and year | MAE 1956 |
| 100 1# - MAIN ENTRY--PERSONAL NAME | |
| Personal name | Mannheim, Karl |
| Dates associated with a name | 1893-1947. |
| 9 (RLIN) | 141 |
| 245 10 - TITLE STATEMENT | |
| Title | Essays on the sociology of culture / |
| Statement of responsibility, etc. | by Karl Mannheim ; with a new preface by Bryan S. Turner |
| 260 ## - PUBLICATION, DISTRIBUTION, ETC. (IMPRINT) | |
| Place of publication, distribution, etc. | London : |
| Name of publisher, distributor, etc. | Routledge, |
| Date of publication, distribution, etc. | 1956. |
| 300 ## - PHYSICAL DESCRIPTION | |
| Pagination | ix, 253 p. ; |
| Size | 23 cm |
| 500 ## - GENERAL NOTE | |
| General note | Includes introduction by Ernest Manheim to the first edition of 1956, of which the text is here reproduced unchanged |
| 504 ## - BIBLIOGRAPHY, ETC. NOTE | |
| Bibliography, etc | Includes index. |
| 650 #0 - SUBJECT ADDED ENTRY--TOPICAL TERM | |
| Topical term or geographic name as entry element | Culture |
| 9 (RLIN) | 104365 |
| Topical term or geographic name as entry element | Sociology |
| 9 (RLIN) | 104366 |
| 700 1# - ADDED ENTRY--PERSONAL NAME | |
| Personal name | Turner, Bryan S. |
| 830 #0 - SERIES ADDED ENTRY--UNIFORM TITLE | |
| Uniform title | Routledge sociology classics |
| 942 ## - ADDED ENTRY ELEMENTS (KOHA) | |
| Source of classification or shelving scheme | Dewey Decimal Classification |
| Koha item type | Books |
| Lost status | Source of classification or shelving scheme | Damaged status | Not for loan | Collection code | Permanent Location | Current Location | Shelving location | Date acquired | Source of acquisition | Cost, normal purchase price | Total Checkouts | Full call number | Date last seen | Copy number | Koha item type |
|---|---|---|---|---|---|---|---|---|---|---|---|---|---|---|---|
| Dewey Decimal Classification | Non-fiction | Central Library, University of Rajshahi | Central Library, University of Rajshahi | 31/05/1965 | Euro Park | 22.75 | 301.2 MAE 1956 | 15/05/2014 | C-3 | Books |